I propose that you, the business leaders, and we, the United Nations, initiate a global compact of shared values and principles, which will give a human face to the global market. Annual review

-д хадгалсан:
Номзүйн дэлгэрэнгүй
Үндсэн зохиолчид: Global Compact (Зохиогч), United Nations (Зохиогч)
Формат: Ном
Хэл сонгох:англи
Хэвлэсэн: Nueva York United Nations Global Compact Office 2010
Нөхцлүүд:
Шошгууд: Шошго нэмэх
Шошго байхгүй, Энэхүү баримтыг шошголох эхний хүн болох!

MARC

LEADER 00000nam a2200000 a 4500
001 UCG6070
003 CL-VaPUC
008 110331e20100000US |||||||||||||||||eng|d
082 0 4 |a 320.01  |b GLO  |2 21 
100 0 |a Global Compact  |e author  |9 556065 
700 0 |a United Nations  |e author  |9 556066 
245 1 0 |a I propose that you, the business leaders, and we, the United Nations, initiate a global compact of shared values and principles, which will give a human face to the global market. Annual review 
300 |a 82 p 
942 |c BK 
945 |d 20110331 00:00:00  |a jcampos 
260 |a Nueva York  |b United Nations Global Compact Office  |c 2010 
650 0 |a Globalización  |9 361930 
650 0 |a Aspectos políticos   |9 257400 
650 0 |a Cambio social   |9 256857 
650 0 |a Derechos humanos  |9 223025 
650 0 |a Medio ambiente  |9 257625 
650 0 |a Anticorrupción  |9 538692 
650 0 |a Política social  |9 257588 
650 0 |a Sociedad civil  |9 259053 
583 |a last modification  |c 20110331 00:00:00  |k Rodrigo Vera 
999 |c 344368  |d 344366 
952 |0 0  |1 0  |4 0  |6 320_010000000000000_GLO_2010  |7 0  |8 A  |9 442308  |a BIBGIM  |b BIBGIM  |d 2019-11-22  |i 4760948  |o 320.01 GLO 2010  |p 4760948  |r 2025-01-15  |w 2019-11-22  |y BK  |k GIM